LEADER 00957nam a2200229 i 4500 001 991001229489707536 008 110502s2010 it b 001 0 ita 020 $a9788815139979 035 $ab1398147x-39ule_inst 040 $aBiblioteca Interfacoltà$bita 082 04$a241.66 100 1 $aCristellon, Cecilia$0475035 245 13$aLa carità e l'eros :$bil matrimonio, la Chiesa, i suoi giudici nella Venezia del Rinascimento (1420-1545) /$cCecilia Cristellon 260 $aBologna :$bIl mulino,$c2010 300 $a317 p. ;$c22 cm. 440 0$aAnnali dell'Istituto storico italo-germanico in Trento.$pMonografie / Fondazione Bruno Kessler ;$v58 907 $a.b1398147x$b02-04-14$c25-05-11 912 $a991001229489707536 945 $aLE002 241.66 CRI$g1$i2002000625168$lle002$o-$pE0.00$q-$rl$s- $t0$u0$v0$w0$x0$y.i15272382$z25-05-11 996 $aCarità e l'eros$9246412 997 $aUNISALENTO 998 $ale002$b25-05-11$cm$da $e-$fita$git $h3$i0 LEADER 02923nam 2200469z- 450 001 9910410647303321 005 20251116180557.0 035 $a(CKB)4100000011354960 035 $a(oapen)https://directory.doabooks.org/handle/20.500.12854/51143 035 $a(EXLCZ)994100000011354960 100 $a20202102d2020 |y 0 101 0 $ager 135 $aurmn|---annan 181 $ctxt$2rdacontent 182 $cc$2rdamedia 183 $acr$2rdacarrier 200 10$aKommunales Integrationsmanagement$eLeitfaden für die Praxis 210 $cNomos Verlagsgesellschaft mbH & Co. KG$d2020 215 $a1 electronic resource (285 p.) 311 08$a3-8487-7628-6 311 08$a3-7489-1011-8 330 $aZusammenfassung Die soziale Integration Zugewanderter hängt davon ab, dass deren Teilhabechancen und Teilhabekompetenzen ausgebaut werden. Dies erfordert eine entsprechende Ausrichtung und Koordination sozialer Dienstleistungen. Der Leitfaden basiert auf Erkenntnissen aus einem mehrjährigen Forschungsprojekt und stellt dar, wie auf lokaler Ebene Netzwerke Professioneller und Ehrenamtlicher geknüpft und parallel Case Management als auf Einzelfälle bezogenes Handlungskonzept etabliert werden kann. Auf der Grundlage rechts- und sozialwissenschaftlicher Analysen werden hierzu Konzepte und erprobte Instrumente vorgestellt. Der Leitfaden wendet sich an alle im Rahmen lokaler Sozial- und Migrationspolitik Tätigen und Lehrende der Rechts- und Sozialwissenschaften. Abstract The social integration of refugees and other immigrants depends on the development of their chances of participating in society and on making them more proficient in doing so, a strategy which requires the corresponding alignment and coordination of local social services. This handbook practically uses the results of a large research project. It shows how to build up networks of professionals and volunteers and to establish case management as a concept and method in order to coordinate individually oriented services. The handbook presents a theoretical foundation, but also practical concepts and useful instruments with which to implement them. It will appeal to those who work in the context of local social and migration policy, as well as academics and teachers in the field of social sciences. 610 $aIntegration 610 $aMigrationspolitik 610 $aPolitik 610 $akommunale Sozialpolitik 610 $aCase Management 610 $aNetzwerkmanagement 610 $aZuwanderung 610 $aTeilhabe 610 $aStadt 610 $aNetzwerksteuerung 610 $aKommune 610 $aMigrationsrecht 610 $asoziale Dienstleistungen 610 $aVerwaltung 610 $aöffentlicher Dienst 700 $aReis$b Claus$4auth$0787990 906 $aBOOK 912 $a9910410647303321 996 $aKommunales Integrationsmanagement$91756392 997 $aUNINA